Effect of temperature, pH, initial cell number on luxCDABE and nah gene expression during naphthalene and salicylate catabolism in the bioreporter organism pseudomonas putida RB1353 /

Guardat en:
Dades bibliogràfiques
Autor principal: Dorn, Jonathan G.
Altres autors: Frye, Robert J., Maier, Raina M.
Format: Article
Idioma:English
Matèries:
Etiquetes: Afegir etiqueta
Sense etiquetes, Sigues el primer a etiquetar aquest registre!
Thư viện lưu trữ: Thư viện Trường Đại học Đà Lạt
LEADER 01062nam a2200313 4500
001 DLU090092301
005 ##20091201
040 # # |a DLU  |b eng 
041 # # |a eng 
044 # # |a us 
100 # # |a Dorn, Jonathan G. 
245 # # |a Effect of temperature, pH, initial cell number on luxCDABE and nah gene expression during naphthalene and salicylate catabolism in the bioreporter organism pseudomonas putida RB1353 /  |c Jonathan G. Dorn, Robert J. Frye, Raina M. Maier. 
653 # # |a Bioreporters 
653 # # |a Catabolism  
653 # # |a Characterization  
653 # # |a Pseudomonas putida  
653 # # |a Variability  
700 # # |a Frye, Robert J. 
700 # # |a Maier, Raina M. 
773 # # |t Applied and Environmental Microbiology  |g Vol. 69, no. 4 (April 2003), p. 2209-2216 
920 # # |a Phòng Tạp chí -- Trung tâm Thông tin - Thư viện Trường Đại học Đà Lạt 
994 # # |a DLU 
900 # # |a True 
911 # # |a Trương Bảo Trâm Anh 
925 # # |a G 
926 # # |a A 
927 # # |a BB 
980 # # |a Thư viện Trường Đại học Đà Lạt